| 000 | 00670nam a2200217 u 4500 | ||
|---|---|---|---|
| 005 | 20230519063630.0 | ||
| 008 | 120124s2011 r 000 0 eng d | ||
| 020 | _a9788498426588 | ||
| 035 | _aUPN01000183085 | ||
| 049 | _aCG | ||
| 050 | 4 |
_aLB1027 _bM6.24 |
|
| 100 | 1 |
_aMolina Martínez, María José _937994 |
|
| 245 | 1 | 1 |
_a¡Ayuda, soy profesor! : _bsoluciones prácticas a los interrogantes del docente actual / _cMa. José Molina Martínez. |
| 260 |
_aMadrid : _bCCS, _c2011. |
||
| 300 | _a208 p. | ||
| 440 | 0 |
_aEducar ; _v62 |
|
| 650 | 4 |
_aEducación _xMetodología _912791 |
|
| 650 | 7 |
_aEstrategias educativas _2 _91510 |
|
| 905 | _aLibro | ||
| 999 |
_c155188 _d155188 |
||